| 000 | 01227nam a2200337 a 4500 | ||
|---|---|---|---|
| 001 | 000108882 | ||
| 003 | CHAP | ||
| 005 | 20220329144028.0 | ||
| 008 | 140318s2013 mx | |sm |||||||spa|d | ||
| 010 | _a105344 | ||
| 011 | _a106316 | ||
| 040 | _cCHAP | ||
| 090 | _aTesis | ||
| 100 | 1 |
_aRojas Herrera, María Elena _9125941 |
|
| 245 | 1 | 3 |
_aLa educación cooperativa en México: _h[En línea] _bSituación actual y perspectivas / _cpor María Elena Rojas Herrera. |
| 260 |
_aChapingo, Méx. : _bEl autor, _c2013. |
||
| 500 | _aPara ver el contenido del material haga clic en la liga | ||
| 502 | _aTesis (Ph.D. en Educación Agrícola Superior) -- UACH. Departamento de Sociología Rural | ||
| 590 |
_aBATCH-UPD _b05 _c20140324 _lUCH01 _h1536 |
||
| 590 |
_aBATCH-UPD _b05 _c20141002 _lUCH01 _h0858 |
||
| 590 |
_aE792CSJ _b05 _c20140318 _lUCH01 _h1011 |
||
| 590 |
_aE792CSJ _b05 _c20140318 _lUCH01 _h1012 |
||
| 650 | 1 | 4 |
_aAprendizaje, Teoría del _96373 |
| 650 | 1 | 4 |
_aAprendizaje _xPsicología del _96372 |
| 650 | 1 | 4 |
_aCooperativismo _xEstudio y enseñanza. _927796 |
| 650 | 1 | 4 |
_aEnseñanza. _937085 |
| 856 |
_aFinding aid _uhttp://10.13.5.2/tesis/sist108882.pdf _zTeclea aquí |
||
| 901 | _aBK | ||
| 942 | _cTESIS | ||
| 942 | _n0 | ||
| 999 |
_c105344 _d105344 |
||